书目信息 |
| 题名: |
工业污染源污染特征与环境违法行为解析
|
|
| 作者: | 毛应淮 主编 ;生态环境部 主编 | |
| 分册: | ||
| 出版信息: | 北京 中国环境出版集团 2019 |
|
| 页数: | 359页 | |
| 开本: | 26cm | |
| 丛书名: | ||
| 单 册: | ||
| 中图分类: | X501 | |
| 科图分类: | ||
| 主题词: | 工业污染源 , 环境保护法--法律解释--中国 | |
| 电子资源: | ||
| ISBN: | 978-7-5111-3992-4 | |
| 000 | 01192nam0 2200265 450 | |
| 001 | 0100010300 | |
| 005 | 20190905093951.0 | |
| 010 | @a978-7-5111-3992-4@dCNY80.00 | |
| 100 | @a20190901d2019 em y0chiy50 ea | |
| 101 | 0 | @achi |
| 102 | @aCN@b110000 | |
| 105 | @ay z 000yy | |
| 106 | @ar | |
| 200 | 1 | @a工业污染源污染特征与环境违法行为解析@AGong Ye Wu Ran Yuan Wu Ran Te Zheng Yu Huan Jing Wei Fa Xing Wei Jie Xi@f生态环境部宣传教育中心主编 |
| 210 | @a北京@c中国环境出版集团@d2019 | |
| 215 | @a359页@d26cm | |
| 330 | @a本书根据工作实际,结合29个行业工业污染特征以及常见的环境违法行为进行解析,分为“工业污染源现场检查要点”“重工业污染特征及环境违法行为”“轻工、机械行业污染特征及环境违法行为”“化工行业污染特征及环境违法行为”“其他行业污染特征及环境违法行为”五个章节。 | |
| 510 | 1 | @aAnalysis on pollution characteristics of industrial pollution sources and illegal environmental activities@zeng |
| 606 | 0 | @a工业污染源 |
| 606 | 0 | @a环境保护法@x法律解释@y中国 |
| 690 | @aX501@v5 | |
| 701 | 0 | @a毛应淮@AMao Ying Huai@f(1947-)@4主编 |
| 711 | 02 | @a生态环境部@ASheng Tai Huan Jing Bu@b宣传教育中心@4主编 |
| 801 | 0 | @aCN@c20190905 |
| 905 | @a河南城建学院图书馆@dX501@eM370-2 | |
| 工业污染源污染特征与环境违法行为解析/生态环境部宣传教育中心主编.-北京:中国环境出版集团,2019 |
| 359页;26cm |
| ISBN 978-7-5111-3992-4:CNY80.00 |
| 本书根据工作实际,结合29个行业工业污染特征以及常见的环境违法行为进行解析,分为“工业污染源现场检查要点”“重工业污染特征及环境违法行为”“轻工、机械行业污染特征及环境违法行为”“化工行业污染特征及环境违法行为”“其他行业污染特征及环境违法行为”五个章节。 |
| ● |
| 相关链接 |
|
|
|
正题名:工业污染源污染特征与环境违法行为解析
索取号:X501/M370-2
 
预约/预借
| 序号 | 登录号 | 条形码 | 馆藏地/架位号 | 状态 | 备注 |
| 1 | 1437908 | 214379082 | 自科库501/501自科库 98排2列3层/ [索取号:X501/M370-2] | 在馆 | |
| 2 | 1437909 | 214379091 | 期刊室512/501自科库 98排2列1层/ [索取号:X501/M370-2] | 在馆 |